1677 1552 1445 1403 1605 1784 1225 1794 1528 1620 1316 1494 1757 1841 1322 1254 1462 1984 1030 1455 1955 1609 1172 2000 1353 1045 1203 1018 1734 1233 1349 1053 1295 1719 1424 1961 1411 1560 1972 1284 1178 1994 1869 1341 1872 1658 1063 1031 1749 1684 1924 1553 1213 1919 1672 1509 1532 1232 1514 1002 1149 1607 1372 1571 1388 1295 1898 1647 1962 1296 1768 1484 1307 1701 1291 1207 1364 1653 1452 1859 1478 1152 1002 1488 1365 1597 1588 1433 1798 1717 1838 1529 1739 1940 1406 1030 1952 1261 1983 BCNSPRNW ULIB Ver.6.0+V

เปลี่ยนเป็นภาษาไทย

Change to English
 แสดงรายละเอียดบรรณานุกรม
  กลับหน้าหลัก

Brief Record : Get Marc (ISO 2709) : E-mail record : QR code < ปิดหน้าต่าง
LEADER : 00000nam 2200000uu 4500
001    13399109238
003     ULIB
008    110324s2543||||th 000 0 tha d
020    9742990573
060 04 WA540JT3^bว549ก 2543
100 0  กาญจนศักดิ์ ผลบูรณ์
245 10 การจัดการสิ่งแวดล้อมในระบบสุขภาพ /^cกาญจนศักดิ์ ผลบูรณ์
250    พิมพ์ครั้งที่ 1
260    นนทบุรี :^bสถาบันวิจัยระบบสาธารณสุข,^c2543
300    (6), 78 หน้า ;^c26 ซม.
490 0  ชุดสุขภาพคนไทยปี พ.ศ. 2543
650  7 อนามัยสิ่งแวดล้อม
710 2  สถาบันวิจัยระบบสาธารณสุข
711 2  การประชุมวิชาการสถาบันวิจัยระบบสาธารณสุขเรื่องภูมิปัญญาประชาคมสู่สุขภาพประชาชาติไทย^n(ครั้งที่ 3 :^d2543:^cกรุงเทพมหานคร)
945    ^p0^l0^i013029
995    ทศพร
999 ^a ใช้งานได้ทุกระบบ
รายการนี้ยังไม่มีแท็ก
คุณยังไม่ได้ล็อกอิน คุณสามารถมีกิจกรรมร่วมกับเว็บไซต์ได้ แต่ต้องล็อกอินก่อน ::
  ล็อกอิน

รายการสื่อสารสนเทศ

ลำดับที่ ประเภท เลขเรียก/บาร์โค้ด สถานที่ สถานะ
- ไม่พบข้อมูล -

รายการใกล้เคียง
    หัวเรื่อง [อนามัยสิ่งแวดล้อม]

BibComment


ยังไม่เคยถูกคอมเมนท์

คอมเมนท์ทรัพยากรรายการนี้
  คอมเมนท์: การจัดการสิ่งแวดล..


 Copyright 2026. Bcnsprnw @Library